| 000 | 01559nam a2200265Ia 4500 | ||
|---|---|---|---|
| 999 |
_c54123 _d54123 |
||
| 001 | 21178 | ||
| 003 | GE_BSU | ||
| 005 | 20210715164628.0 | ||
| 008 | 181216s2012||||ge |||||||||||||| ||geo|| | ||
| 020 | _a9789941050442 | ||
| 040 | _cGE_BSU | ||
| 041 | _ageo | ||
| 080 | _a347.152(479.22) ბ-73 | ||
| 100 |
_aბიჭია, მიხეილ _98142 |
||
| 245 |
_aპირადი ცხოვრების დაცვა საქართველოს სამოქალაქო სამართლის მიხედვით / _cმიხეილ ბიჭია ; რედ. თ. ნინიძე. |
||
| 264 |
_aთბილისი : _bბონა კაუზა, _c2012. |
||
| 300 | _a370 გვ. ; 20 სმ. | ||
| 500 | _aწინამდებარე ნაშრომი განკუთვნილია პირადი ცხოვრების დაცვის პრობლემით დაინტერესებული როგორც თეორეტიკოსი, ისე პრაქტიკოსი იურისტებისათვის | ||
| 504 | _aბიბლიოგრაფია გვ. 340-369 | ||
| 541 | _h17ლ. | ||
| 653 | _aპირადი ცხოვრების დაცვა საქართველოს სამოქალაქო სამართლის მიხედვით | ||
| 653 | _aსამართალი | ||
| 700 |
_aნინიძე, თ. _eრედაქტორი _912272 |
||
| 942 |
_cBK _2udc |
||